Vplyv menovej politiky na konvergenciu hospodárstva SR v rámci Európskej únie

Výkon menovej politiky. Inflácia a mena v prechodnom období. Predikcia výmenných kurzov slovenskej meny.

Salvato in:
Dettagli Bibliografici
Autore principale: Pavelka, Ľuboš, 1962-
Natura: Capitolo di libro
Lingua:slovacco
Soggetti:
Tags: Aggiungi Tag
Nessun Tag, puoi essere il primo ad aggiungerne!!

MARC

LEADER 00000naa$a2200000$$$4500
001 0051006
005 20240711093021.8
041 0 |a slo 
044 |a SK 
245 1 0 |a Vplyv menovej politiky na konvergenciu hospodárstva SR v rámci Európskej únie 
520 |a Výkon menovej politiky. Inflácia a mena v prechodnom období. Predikcia výmenných kurzov slovenskej meny. 
610 2 0 |a politika menová 
610 2 0 |a konvergencia 
610 2 0 |a Slovensko 
610 2 0 |a inflácia 
610 2 0 |a Európska únia 
610 2 0 |a cielenie inflácie 
610 2 0 |a kurz výmenný 
610 2 0 |a mena 
100 1 |a Pavelka, Ľuboš, 1962-